logo

Bir Sreshtho Munshi Abdur Rouf Library
Jhenaidah Cadet College

স্মৃতিতে আগস্ট / (Record no. 13927)

MARC details
000 -LEADER
fixed length control field 00703nam a2200229 a 4500
001 - CONTROL NUMBER
JCCL Control Number 13927
003 - CONTROL NUMBER IDENTIFIER
JCCL marc code BD-JhCC
005 - DATE AND TIME OF LATEST TRANSACTION
control field 20240516085315.0
008 - FIXED-LENGTH DATA ELEMENTS--GENERAL INFORMATION
fixed length control field 240516b1998 b |||| ||a| 000 0 b d
020 ## - INTERNATIONAL STANDARD BOOK NUMBER
International Standard Book Number 9844100976
035 ## - SYSTEM CONTROL NUMBER
system control number (BD-JhCC)13927
040 ## - CATALOGING SOURCE
Original cataloging agency BD-JhCC
Modifying agency BD-JhCC
041 ## - LANGUAGE CODE
Language code of Book bengali
082 ## - DEWEY DECIMAL CLASSIFICATION NUMBER
Classification number 920
Author mark and Year SRI 1998
245 ## - TITLE STATEMENT
Title স্মৃতিতে আগস্ট /
Statement of responsibility, etc সম্পা:সোহরাব হাসান
260 ## - PUBLICATION, DISTRIBUTION, ETC. (IMPRINT)
Place of publication, distribution, etc ঢাকা:
Name of publisher, distributor, etc মাওলা ব্রাদার্স;
Date of publication, distribution, etc 1998.
300 ## - PHYSICAL DESCRIPTION
Pagination 142 p. :
Dimensions 22 cm.
650 ## - SUBJECT ADDED ENTRY--TOPICAL TERM
Topical term or geographic name as entry element Political conspiracies and assassinations
700 ## - ADDED ENTRY--PERSONAL NAME
Personal name হাসান ,সোহরাব
942 ## - ADDED ENTRY ELEMENTS (KOHA)
Source of classification or shelving scheme Dewey Decimal Classification
Koha item type Books
Holdings
Source of classification or shelving scheme Damaged status Not for loan Home library Current library Shelving location Date of accession Cost, normal purchase price Total Checkouts Full call number Barcode Date last seen Copy number Method of acquisition Koha item type Currency
Dewey Decimal Classification     JCC Rouf Library JCC Rouf Library General Stacks   120.00   920 SRI 1998 19376 05/16/2024 C-1 Purchase Books BDT

JCC Library | Contacts | JCC Home

Last Update on 23 September 2017
Copyright @ 2017-2020 JCC Rouf Library
Rouf Library, Jhenidah Cadet College (JCC), Bangladesh